00929nam a2200193 a 450000100100000000500170001000800410002702000180006804000250008610000410011124500880015226000440024030000280028450000700031295201200038295201050050295201110060799900170071800003911720201002031513.0130523s2012 dr a 000 0 spa d a9789945165302 aDO-SdBNPbspacBNPHU1 aFernández Fortuna, Héctor96532810aFrente al espejo :bel reflejo de tu propia vida! /cHéctor Fernández Fortuna,. aSanto Domingo :bEditora Búho,c2012. a170 p. :bil. ;c22 cm. aIncluye datos biográficos del autor en la solapa de la cubierta 001052708DSaGRbGRcCTd2013-05-23iLF1l0o p39117-30r2020-06-25te. 3w2020-06-25yLFDSZPréstamo interno 0010718PDaPDbPDcCTd2013-05-23iLF1l0o p39117-10r2020-06-25w2020-06-25yLFPDZNo se presta 0010718PDaPDbPDcCTd2013-05-23iLF1l0o p39117-20r2020-06-25te. 2w2020-06-25yLFPDZNo se presta c38607d38607